| 000 | 00379nam a2200145Ia 4500 | ||
|---|---|---|---|
| 008 | 230312s9999||||xx |||||||||||||| ||und|| | ||
| 020 | _a9781119683896 | ||
| 082 |
_a004.165 _bHAR-M |
||
| 100 | _aRathbone,Andy | ||
| 245 | 0 | _aWindows 8.1 for dummies Windows 8.1 for dummies | |
| 260 |
_bWiley _aUSA _c2020 |
||
| 300 | _a369 | ||
| 650 |
_aComputer _vLap top computers |
||
| 942 | _cBK | ||
| 999 |
_c16586 _d16586 |
||